PHARMACEUTICAL CHEMISTRY -I (Record no. 33052)

MARC details
000 -LEADER
fixed length control field 00309nam a22001337a 4500
003 - CONTROL NUMBER IDENTIFIER
control field SGT
082 ## - DEWEY DECIMAL CLASSIFICATION NUMBER
Classification number 615.19
Item number DEV
100 ## - MAIN ENTRY--PERSONAL NAME
Personal name DEVALIYA, DR. ROOPAM
245 ## - TITLE STATEMENT
Title PHARMACEUTICAL CHEMISTRY -I
260 ## - PUBLICATION, DISTRIBUTION, ETC. (IMPRINT)
Place of publication, distribution, etc INDIA
Name of publisher, distributor, etc AITBS PUB.
Year of Publication 2024
300 ## - PAGE DESCRIPTION
No. of Pages 164
650 ## - SUBJECT ADDED ENTRY--TOPICAL TERM
Topical term or geographic name as entry element PHARMACEUTICAL CHEMISTRY
942 ## - ADDED ENTRY ELEMENTS (KOHA)
Source of classification or shelving scheme Dewey Decimal Classification
Koha item type Books
Holdings
Withdrawn status Lost status Source of classification or shelving scheme Damaged status Not for loan Collection code Home library Current library Shelving location Date acquired Vendor Name Cost, normal purchase price SGTU Bill Number Full call number Accession No. (Barcode) Date last seen Bill Date Koha item type Total Checkouts
    Dewey Decimal Classification   Not For Loan SCIENCE SGT Science & Social Sciences Library SGT Science & Social Sciences Library Reference Book 31/10/2025 ABC 249.00 SGTU 21721 615.19 DEV DP1432 31/10/2025 17/09/2025 Books  
    Dewey Decimal Classification     SCIENCE SGT Science & Social Sciences Library SGT Science & Social Sciences Library Text Book 31/10/2025 ABC 249.00 SGTU 21721 615.19 DEV DP1433 31/10/2025 17/09/2025 Books  
    Dewey Decimal Classification     SCIENCE SGT Science & Social Sciences Library SGT Science & Social Sciences Library Text Book 31/10/2025 ABC 249.00 SGTU 21721 615.19 DEV DP1434 31/10/2025 17/09/2025 Books  
    Dewey Decimal Classification     SCIENCE SGT Science & Social Sciences Library SGT Science & Social Sciences Library Text Book 31/10/2025 ABC 249.00 SGTU 21721 615.19 DEV DP1435 31/10/2025 17/09/2025 Books  
    Dewey Decimal Classification     SCIENCE SGT Science & Social Sciences Library SGT Science & Social Sciences Library Text Book 31/10/2025 ABC 249.00 SGTU 21721 615.19 DEV DP1436 31/10/2025 17/09/2025 Books  
    Dewey Decimal Classification     SCIENCE SGT Science & Social Sciences Library SGT Science & Social Sciences Library Text Book 31/10/2025 ABC 249.00 SGTU 21721 615.19 DEV DP1437 31/10/2025 17/09/2025 Books